Statistiken für Meiste Sommerolympia Medaillen für Deutschland

Klicken Sie hier um das Quiz zu spielen!

Allgemein

  • Dieses Quiz wurde 20 mal gespielt
  • Das Durchschnittsergebnis liegt bei 2 aus 12

Antwortstatistiken

MedaillenSportler% Korrekt
12Birgit Fischer
95%
12Isabell Werth
26%
5Ludger Beerbaum
26%
7Hans Günter Winkler
11%
6Kristin Otto
11%
5Kathrin Boron
5%
6Katrin Wagner-Augustin
5%
8Kornelia Ender
5%
4Nicole Uphoff
5%
8Reiner Klimke
5%
8Roland Matthes
5%
4Bärbel Wöckel
0%

Verteilung der Resultate

Perzentil nach korrekt beantworteten Fragen

Anzahl Personen mit jedem Resultat

Ihre Resultats-Entwicklung

Sie haben dieses Quiz noch nicht gespielt